Normal view MARC view
  • ALKENA, A.A.B

Entry Personal Name

Number of records used in: 1

001 - CONTROL NUMBER

  • control field: 86437

003 - CONTROL NUMBER IDENTIFIER

  • control field: NUST

005 - DATE AND TIME OF LATEST TRANSACTION

  • control field: 20211210154047.0

008 - FIXED-LENGTH DATA ELEMENTS

  • fixed length control field: 211210|| aca||aabn | a|a d

040 ## - CATALOGING SOURCE

  • Original cataloging agency: NUST
  • Transcribing agency: NUST

100 ## - HEADING--PERSONAL NAME

  • Personal name: ALKENA, A.A.B

670 ## - SOURCE DATA FOUND

  • Source citation: Work cat.: (NUST): ALKENA, A.A.B., STRENGTH OF DILATING SOIL AND LOCAL HOLDING /, 1995.
© 2023 Central Library, National University of Sciences and Technology. All Rights Reserved.